Pokémon that have won the World Championships - Statistics

General Stats
  • This quiz has been taken 16 times
    11 since last reset
  • The average score is 28 of 64
Answer Stats
# of wins Type Answer % Correct
3 Grass/Poison Amoonguss
80%
3 Psychic Cresselia
80%
3 Fire/Dark Incineroar
80%
2 Normal Snorlax
80%
1 Grass/Dark Brute Bonnet
60%
1 Ice/Dark Chien-Pao
60%
1 Fire/Dark Chi-Yu
60%
1 Normal/Psychic Farigiraf
60%
2 Ghost/Fairy Flutter Mane
60%
1 Ground Groudon
60%
2 Fire/Steel Heatran
60%
2 Dragon/Dark Hydreigon
60%
1 Dragon/Fighting Koraidon
60%
1 Water Kyogre
60%
1 Ghost/Poison Mega Gengar
60%
1 Dragon/Flying Mega Rayquaza
60%
2 Steel/Psychic Metagross
60%
1 Electric/Dragon Miraidon
60%
1 Dragon/Flying Salamence
60%
3 Electric/Flying Thundurus Incarnate
60%
1 Steel/Psychic Bronzong
40%
1 Ghost/Psychic Calyrex Shadow Rider
40%
1 Steel/Flying Celesteela
40%
2 Fighting Conkeldurr
40%
1 Dragon/Steel Dialga
40%
1 Bug/Steel Escavalier
40%
2 Dragon/Ground Garchomp
40%
2 Water/Ground Gastrodon
40%
2 Electric/Fighting Iron Hands
40%
1 Ground/Dark Krookodile
40%
2 Ground/Flying Landorus Therian
40%
1 Dragon/Psychic Latios
40%
2 Water/Grass Ludicolo
40%
2 Ghost/Psychic Lunala
40%
1 Ground/Ice Mamoswine
40%
2 Dragon/Flying Mega Salamence
40%
1 Grass/Fire Ogerpon Hearthflame
40%
1 Electric Pachirisu
40%
1 Ground/Fire Primal Groudon
40%
1 Water Primal Kyogre
40%
1 Electric Raichu
40%
1 Grass Rillaboom
40%
1 Rock/Steel Stakataka
40%
1 Fire/Flying Talonflame
40%
1 Water/Fairy Tapu Fini
40%
2 Electric/Fairy Tapu Koko
40%
1 Fighting/Rock Terrakion
40%
1 Flying Tornadus Incarnate
40%
1 Poison/Fighting Toxicroak
40%
1 Rock/Dark Tyranitar
40%
1 Normal/Ground Ursaluna
40%
2 Water/Fighting Urshifu Rapid Strike
40%
2 Grass/Fairy Whimsicott
40%
1 Fairy/Steel Zacian Crowned
40%
1 Fire/Ghost Alolan Marowak
20%
1 Water/Steel Empoleon
20%
1 Psychic/Fairy Gardevoir
20%
1 Fighting Hitmontop
20%
1 Grass/Steel Kartana
20%
1 Water/Dark Mega Gyarados
20%
1 Normal Mega Kangaskhan
20%
1 Electric/Water Rotom Wash
20%
2 Psychic Gothitelle
0%
1 Fighting Hariyama
0%
No matching quizzes found
Score Distribution
Percent of People with Each Score
Percentile by Number Answered
Your Score History
You have not taken this quiz since the last reset